Kỹ năng tổ chức và quản lý thư viện trường học

שמור ב:
מידע ביבליוגרפי
מחבר ראשי: Nguyễn, Thị Thu Thảo
מחברים אחרים: Nguyễn, Thị Ngọc Linh
פורמט: ספר
יצא לאור: Hà Nội văn hóa thông tin 2013
נושאים:
תגים: הוספת תג
אין תגיות, היה/י הראשונ/ה לתייג את הרשומה!
Thư viện lưu trữ: Trung tâm Học liệu Lê Vũ Hùng, Trường Đại học Đồng Tháp
LEADER 00882aam a22002538a 4500
001 00037609
005 20171113161124.0
008 170513s2013 ||||||Viesd
041 0 # |a Vie 
082 1 4 |a 025.1  |b K600N 
100 1 # |a Nguyễn, Thị Thu Thảo 
245 1 0 |a Kỹ năng tổ chức và quản lý thư viện trường học  |c Nguyễn Thị Thu Thảo; Nguyễn Thị Ngọc Lành 
260 # # |a Hà Nội  |b văn hóa thông tin  |c 2013 
300 # # |a 388tr.  |c 27cm. 
653 # # |a Nghiệp vụ 
653 # # |a Quản lý 
653 # # |a Tổ chức 
653 # # |a Trường học 
653 # # |a Thư viện 
700 1 # |a Nguyễn, Thị Ngọc Linh 
852 # # |j KD.0020109  |j KM.0023574 
852 # # |b Kho đọc  |j KD.0020109 
910 |d 13/05/2017 
980 # # |a Trung tâm Học liệu Lê Vũ Hùng, Trường Đại học Đồng Tháp